[Event "Arcueil-Rueil Malmaison"]
[Site "Rueil Malmaison"]
[Date "2008.02.10"]
[Round "7.4"]
[White "Lestrelin, Guillaume"]
[Black "Daubas, Christophe"]
[Result "1/2-1/2"]
[WhiteElo "2081"]
[BlackElo "2032"]
[PlyCount "127"]
[EventDate "2008.02.10"]
[SourceDate "2007.10.24"]

1. d4 Nf6 2. c4 g6 3. g3 Bg7 4. Bg2 O-O 5. Nc3 d6 6. Nf3 c6 7. O-O Bg4 8. h3
Bxf3 9. Bxf3 e5 10. dxe5 dxe5 11. Qc2 Na6 12. Rb1 Qe7 13. b4 Qe6 14. Ba3 Rfd8
15. b5 Nc7 16. Na4 e4 17. Nc5 Qxh3 18. Bg2 Qh5 19. Nxe4 Nxe4 20. Bxe4 cxb5 21.
Bxb7 Rab8 22. Bf3 Qg5 23. e3 bxc4 24. Rxb8 Rxb8 25. Qxc4 Ne6 26. Rd1 Qf6 27.
Kg2 Ng5 28. Bd5 Qf5 29. Qf4 Qxf4 30. gxf4 Ne6 31. Bb3 Bf8 32. Bb2 a5 33. Be5
Rd8 34. Rxd8 Nxd8 35. Bc7 Nc6 36. Ba4 Nb4 37. Bb3 a4 38. Bc4 a3 39. Be5 Nc6 40.
Bc7 Be7 41. Bd5 Nb4 42. Bb3 Kf8 43. e4 Na6 44. Be5 Nc5 45. Bd5 Nd3 46. Bc7 Bc5
47. f3 Ke7 48. Bc4 Nb4 49. Ba5 f6 50. Kg3 Nc6 51. Bc3 Nd4 52. Kg4 h5+ 53. Kg3
Ne6 54. Bb3 h4+ 55. Kg4 h3 56. Kxh3 Nxf4+ 57. Kh2 Ne2 58. Bd2 Nd4 59. Bd1 Ne6
60. Kg2 Bd6 61. Be3 Bc5 62. Bd2 Nd4 63. Bc3 Ke6 64. Bxd4 1/2-1/2

[Event "Arcueil-Rueil Malmaison"]
[Site "Rueil Malmaison"]
[Date "2008.02.10"]
[Round "7.5"]
[White "Zeller, Olivier"]
[Black "Guyot, Emmanuel"]
[Result "1-0"]
[WhiteElo "2010"]
[BlackElo "2113"]
[PlyCount "63"]
[EventDate "2008.02.10"]
[SourceDate "2007.10.24"]

1. e4 Nf6 2. Nc3 e5 3. Nf3 d6 4. d4 Nbd7 5. Bg5 Be7 6. dxe5 dxe5 7. Bc4 c6 8.
a4 Qc7 9. O-O Nc5 10. Re1 Bg4 11. h3 Bh5 12. Qe2 h6 13. Bh4 g5 14. Bg3 Ncd7 15.
Nd1 Bg6 16. Nd2 Nh5 17. Bh2 Nf4 18. Qf3 O-O-O 19. Nf1 Rdf8 20. Ng3 Rfg8 21. Nf5
Bf8 22. Nde3 h5 23. Bf1 Nf6 24. Nc4 g4 25. hxg4 hxg4 26. Qe3 g3 27. Bxg3 Kb8
28. Nxe5 Bxf5 29. Qxf4 Rxg3 30. Qxg3 Bxe4 31. Rac1 Bd5 32. Nd7+ 1-0

[Event "Arcueil-Rueil Malmaison"]
[Site "Rueil Malmaison"]
[Date "2008.02.10"]
[Round "7.6"]
[White "Wilson, Alexandra"]
[Black "Debehaigne, Benoit"]
[Result "0-1"]
[WhiteElo "2070"]
[BlackElo "1922"]
[PlyCount "112"]
[EventDate "2008.02.10"]
[SourceDate "2007.10.24"]

1. e4 c5 2. Nf3 Nc6 3. Bb5 e6 4. Bxc6 bxc6 5. O-O Ne7 6. d3 Ng6 7. Nc3 Rb8 8.
e5 f6 9. Qe2 Be7 10. h4 O-O 11. h5 Nxe5 12. Nxe5 fxe5 13. Qxe5 d6 14. Qh2 Rb4
15. Ne4 d5 16. c3 Rb7 17. Ng3 Bd6 18. f4 Rbf7 19. Ne2 e5 20. Bd2 Qc7 21. g3 Ba6
22. fxe5 Bxe5 23. Nf4 Qc8 24. Qe2 Bxf4 25. Rxf4 Rxf4 26. Bxf4 Re8 27. Qf3 Qf5
28. Rd1 Rf8 29. Kg2 g5 30. hxg6 hxg6 31. Qe3 g5 32. Bd6 Rf6 33. Rh1 Re6 34. g4
Qxg4+ 35. Qg3 Re2+ 36. Kf1 Qxg3 37. Bxg3 Rxb2 38. Rh6 Bxd3+ 39. Kg1 Rxa2 40.
Rxc6 c4 41. Rc7 a5 42. Be5 a4 43. Rg7+ Kf8 44. Ra7 Ke8 45. Bd4 Be4 46. Bc5 g4
47. Bd6 Bf3 48. Kf1 Kd8 49. Kg1 d4 50. cxd4 c3 51. Rc7 c2 52. Bf4 g3 53. Bxg3
Ra1+ 54. Kf2 c1=Q 55. Rxc1 Rxc1 56. Kxf3 Rc3+ 0-1

[Event "Arcueil-Rueil Malmaison"]
[Site "Rueil Malmaison"]
[Date "2008.02.10"]
[Round "7.8"]
[White "Delpech, Olivier"]
[Black "Sinny Palany, Emilie"]
[Result "1-0"]
[WhiteElo "1798"]
[BlackElo "1099"]
[PlyCount "61"]
[EventDate "2008.02.10"]
[SourceDate "2007.10.24"]

1. c4 e5 2. Nc3 Nc6 3. g3 Nf6 4. Bg2 Bb4 5. a3 Bxc3 6. bxc3 O-O 7. Qc2 d5 8.
cxd5 Nxd5 9. Rb1 g6 10. d3 Nf6 11. Bg5 Qd6 12. Nf3 Bg4 13. Rxb7 Bxf3 14. Bxf3
Na5 15. Rb5 Nc6 16. O-O Rfe8 17. Qa4 a6 18. Rb2 Re6 19. Rd1 Qc5 20. d4 Qxc3 21.
Rc2 Qa5 22. Qxa5 Nxa5 23. Bxa8 Ne4 24. Bxe4 Nb3 25. d5 Re8 26. Rxc7 Kg7 27. d6
Nd4 28. e3 Ne6 29. d7 Rf8 30. d8=Q Rxd8 31. Bxd8 1-0

[Event "Franconville-Arcueil"]
[Site "Franconville"]
[Date "2008.03.15"]
[Round "8.1"]
[White "Debray, Christopher"]
[Black "Mircescu, Ovidiu"]
[Result "1-0"]
[WhiteElo "2362"]
[BlackElo "2148"]
[PlyCount "101"]
[EventDate "2008.03.15"]
[SourceDate "2007.10.24"]

1. e4 e5 2. Nf3 Nf6 3. d4 Nxe4 4. dxe5 d5 5. Bd3 Be7 6. O-O O-O 7. c4 h6 8.
cxd5 Qxd5 9. Qc2 Nc5 10. Rd1 Nxd3 11. Rxd3 Bf5 12. Rxd5 Bxc2 13. Nc3 Nc6 14.
Rd2 Bf5 15. Nd5 Bd8 16. b3 Re8 17. Bb2 Ne7 18. Ne3 Be4 19. Nd4 Nc6 20. f3 Bg5
21. Re1 Nxd4 22. Rxd4 Bxe3+ 23. Rxe3 Bc6 24. Rg4 Rad8 25. Bc3 Rd1+ 26. Kf2 Bd7
27. e6 Rxe6 28. Rxg7+ Kf8 29. Rh7 Rxe3 30. Rh8+ Ke7 31. Kxe3 Rc1 32. Bb4+ Kf6
33. Rxh6+ Kg7 34. Rh5 Kg6 35. g4 f5 36. h4 c5 37. Rg5+ Kf6 38. Kd2 Rg1 39. Bc3+
Ke7 40. Rg7+ Kd6 41. g5 f4 42. Be5+ Kxe5 43. Rxd7 Rg2+ 44. Kd3 Rf2 45. Re7+ Kf5
46. Rf7+ Ke5 47. g6 Rxf3+ 48. Ke2 Rg3 49. g7 Ke6 50. Rxb7 Kf6 51. Rxa7 1-0

[Event "Franconville-Arcueil"]
[Site "Franconville"]
[Date "2008.03.15"]
[Round "8.2"]
[White "Daubas, Christophe"]
[Black "Jacquet, Francois"]
[Result "1/2-1/2"]
[WhiteElo "2032"]
[BlackElo "2220"]
[PlyCount "51"]
[EventDate "2008.03.15"]
[SourceDate "2007.10.24"]

1. d4 d5 2. c4 c6 3. Nf3 Nf6 4. Nc3 e6 5. g3 Nbd7 6. Bg2 Bd6 7. O-O O-O 8. e4
dxe4 9. Ng5 Be7 10. Ngxe4 Nxe4 11. Nxe4 e5 12. d5 cxd5 13. cxd5 f5 14. d6 fxe4
15. dxe7 Qxe7 16. Qb3+ Kh8 17. Bxe4 Nc5 18. Qb4 Bh3 19. Be3 Rac8 20. Rfe1 b6
21. Rac1 Qf6 22. Bxc5 Rxc5 23. Qd2 Rd8 24. Qe3 Rxc1 25. Rxc1 g6 26. Bg2 1/2-1/2

[Event "Franconville-Arcueil"]
[Site "Franconville"]
[Date "2008.03.15"]
[Round "8.3"]
[White "Appendino, Jerome"]
[Black "Zeller, Olivier"]
[Result "1-0"]
[WhiteElo "2182"]
[BlackElo "2010"]
[PlyCount "33"]
[EventDate "2008.03.15"]
[SourceDate "2007.10.24"]

1. e4 d6 2. d4 Nf6 3. f3 g6 4. c4 Bg7 5. Nc3 O-O 6. Be3 c5 7. dxc5 dxc5 8. Qxd8
Rxd8 9. Bxc5 Nc6 10. Be3 Nb4 11. Rc1 Nd3+ 12. Bxd3 Rxd3 13. Ke2 Rxe3+ 14. Kxe3
Bh6+ 15. f4 Ng4+ 16. Kf3 f5 17. Re1 1-0

[Event "Franconville-Arcueil"]
[Site "Franconville"]
[Date "2008.03.15"]
[Round "8.4"]
[White "Baudoin, Paul"]
[Black "Barthes, Christian"]
[Result "0-1"]
[WhiteElo "2010"]
[BlackElo "2124"]
[PlyCount "60"]
[EventDate "2008.03.15"]
[SourceDate "2007.10.24"]

1. e4 c5 2. Nc3 e6 3. g3 a6 4. Bg2 Nc6 5. d3 Nge7 6. Be3 Nd4 7. Nce2 Nec6 8. c3
Nxe2 9. Nxe2 b5 10. O-O Bb7 11. d4 c4 12. d5 Ne5 13. b3 Qc8 14. Qd4 f6 15. Nf4
Ng4 16. dxe6 dxe6 17. Qb6 Nxe3 18. fxe3 Bc5 19. Qxe6+ Qxe6 20. Nxe6 Bxe3+ 21.
Kh1 Kf7 22. Nd4 Bd2 23. bxc4 Bxc3 24. Rad1 Rad8 25. Ne2 Be5 26. Rb1 Bc6 27.
cxb5 Bxb5 28. Bf3 Rd2 29. Rfe1 Rxa2 30. Nf4 Rc8 0-1

[Event "Franconville-Arcueil"]
[Site "Franconville"]
[Date "2008.03.15"]
[Round "8.5"]
[White "Jactel, Nicolas"]
[Black "Cheron, Stephane"]
[Result "1/2-1/2"]
[WhiteElo "2069"]
[BlackElo "2001"]
[PlyCount "41"]
[EventDate "2008.03.15"]
[SourceDate "2007.10.24"]

1. e4 e5 2. Nf3 Nc6 3. Nc3 Nf6 4. d4 exd4 5. Nxd4 Bb4 6. Nxc6 bxc6 7. Bd3 d5 8.
exd5 cxd5 9. O-O O-O 10. Bg5 c6 11. Qf3 Be7 12. Rfe1 Be6 13. h3 Rb8 14. Rab1 c5
15. Ne2 h6 16. Bh4 Qa5 17. b3 c4 18. Bf5 cxb3 19. axb3 Rb4 20. Bg3 Ne4 21. c3
1/2-1/2

[Event "Franconville-Arcueil"]
[Site "Franconville"]
[Date "2008.03.15"]
[Round "8.6"]
[White "Ruin, Gilles"]
[Black "Abouan, Stephane"]
[Result "1/2-1/2"]
[WhiteElo "1989"]
[BlackElo "2038"]
[PlyCount "48"]
[EventDate "2008.03.15"]
[SourceDate "2007.10.24"]

1. Nf3 Nf6 2. g3 g6 3. Bg2 Bg7 4. O-O O-O 5. d3 d6 6. e4 c5 7. Nbd2 Nc6 8. a4
Bd7 9. Nc4 Rb8 10. Nh4 Qc8 11. f4 Bg4 12. Bf3 Nd4 13. Bxg4 Qxg4 14. Nf3 Nxf3+
15. Qxf3 Qh3 16. c3 b6 17. Qg2 Qxg2+ 18. Kxg2 d5 19. Ne5 Rbd8 20. Nc6 Rd7 21.
e5 Rc7 22. exf6 exf6 23. Nxa7 Rxa7 24. f5 Rfa8 1/2-1/2

[Event "Franconville-Arcueil"]
[Site "Franconville"]
[Date "2008.03.15"]
[Round "8.7"]
[White "Eid, Maha"]
[Black "Carbonnet, Christophe"]
[Result "1-0"]
[WhiteElo "1925"]
[BlackElo "1820"]
[PlyCount "75"]
[EventDate "2008.03.15"]
[SourceDate "2007.10.24"]

1. d4 Nf6 2. Nc3 d5 3. Nf3 g6 4. Bg5 Bg7 5. e3 O-O 6. Be2 Nbd7 7. Ne5 c6 8. f4
Ne4 9. Nxe4 dxe4 10. Bh4 Nb6 11. O-O f6 12. Nc4 Nd5 13. Bf2 b5 14. Nd2 e5 15.
fxe5 fxe5 16. Nxe4 Rxf2 17. Rxf2 Nxe3 18. Qd3 exd4 19. Qb3+ Kh8 20. Bf3 Qe7 21.
Ng3 Be6 22. Qd3 Bc4 23. Qe4 Qxe4 24. Bxe4 Rc8 25. a4 b4 26. Re1 c5 27. b3 Bg8
28. Nf1 c4 29. bxc4 Bxc4 30. Nd2 Be6 31. Bd3 Bd7 32. a5 Nxc2 33. Bxc2 Rxc2 34.
Rf7 Bb5 35. Rb7 a6 36. Rb8+ Bf8 37. Rxf8+ Kg7 38. Rf2 1-0

[Event "Franconville-Arcueil"]
[Site "Franconville"]
[Date "2008.03.15"]
[Round "8.8"]
[White "Sinny Palany, Emilie"]
[Black "Perrusset, Barbara"]
[Result "0-1"]
[WhiteElo "1099"]
[BlackElo "1871"]
[PlyCount "68"]
[EventDate "2008.03.15"]
[SourceDate "2007.10.24"]

1. e4 c5 2. Nf3 e6 3. g3 Nc6 4. Nc3 d6 5. Bb5 Bd7 6. Bxc6 Bxc6 7. d4 cxd4 8.
Nxd4 Bd7 9. Qd3 Nf6 10. Be3 Be7 11. O-O-O a6 12. f4 Qa5 13. Nb3 Qc7 14. Rhg1 b5
15. a3 O-O 16. f5 Rab8 17. g4 Rfc8 18. g5 Ne8 19. g6 fxg6 20. fxg6 Bf6 21.
gxh7+ Kh8 22. Bg5 Bxc3 23. bxc3 Qxc3 24. Qxc3 Rxc3 25. Bd2 Rh3 26. Rdf1 Nf6 27.
Bg5 Nxe4 28. Be7 Rxh7 29. Rf8+ Rxf8 30. Bxf8 Kg8 31. Rf1 Rxh2 32. Rf4 e5 33.
Rxe4 Kxf8 34. Rg4 Bxg4 0-1

[Event "Le Touquet-Club 608"]
[Site "Franconville"]
[Date "2008.03.15"]
[Round "8.1"]
[White "Roeder, Mathias"]
[Black "Carlhammar, Magnus"]
[Result "1/2-1/2"]
[WhiteElo "2461"]
[BlackElo "2335"]
[PlyCount "63"]
[EventDate "2008.03.15"]
[SourceDate "2007.10.24"]

1. Nf3 c5 2. c4 Nc6 3. d4 cxd4 4. Nxd4 Nf6 5. Nc3 e6 6. Ndb5 d5 7. Bf4 e5 8.
cxd5 exf4 9. dxc6 bxc6 10. Qxd8+ Kxd8 11. O-O-O+ Bd7 12. Nd6 Bxd6 13. Rxd6 Ng4
14. f3 Ne3 15. Rd4 g5 16. Ne4 Ke7 17. Nxg5 Rad8 18. g3 h6 19. Ne4 Be6 20. Rxd8
Rxd8 21. Nf2 Bxa2 22. gxf4 Rd4 23. Bh3 Bc4 24. Ng4 Nxg4 25. Bxg4 Rxf4 26. e3
Rf6 27. Kd2 Bb5 28. e4 Rd6+ 29. Ke3 Rd3+ 30. Kf4 a5 31. Rc1 Rd2 32. b3 1/2-1/2

[Event "Le Touquet-Club 608"]
[Site "Franconville"]
[Date "2008.03.15"]
[Round "8.2"]
[White "Sohier, Julien"]
[Black "Therkildsen, Thomas"]
[Result "1-0"]
[WhiteElo "2272"]
[BlackElo "2322"]
[PlyCount "71"]
[EventDate "2008.03.15"]
[SourceDate "2007.10.24"]

1. e4 Nf6 2. e5 Nd5 3. d4 d6 4. Nf3 Nb6 5. Nc3 g6 6. Bf4 Bg7 7. Qd2 dxe5 8.
Nxe5 Bf5 9. O-O-O c6 10. h4 N8d7 11. Bh6 Bxe5 12. dxe5 Qc7 13. Qe2 O-O-O 14. f4
Nc5 15. Rxd8+ Rxd8 16. g4 Be6 17. Qf2 Qd7 18. Bh3 Ne4 19. Nxe4 Qd5 20. Qf3 Qxa2
21. Qa3 Qd5 22. Re1 Nc4 23. Qc5 Qd7 24. f5 Bd5 25. Nc3 b6 26. Qd4 Qb7 27. Nxd5
Qa6 28. Kb1 Rxd5 29. Qc3 Ra5 30. b3 Na3+ 31. Kb2 Rc5 32. Bf1 Qb7 33. Qd3 Nxc2
34. Rc1 Nb4 35. Qe4 Rxc1 36. Bxc1 {suite illisible} 1-0

[Event "Le Touquet-Club 608"]
[Site "Franconville"]
[Date "2008.03.15"]
[Round "8.3"]
[White "Maitesian, Sergei"]
[Black "De Marchi, Olivier"]
[Result "1-0"]
[WhiteElo "2284"]
[BlackElo "2213"]
[PlyCount "81"]
[EventDate "2008.03.15"]
[SourceDate "2007.10.24"]

1. e4 g6 2. g3 Bg7 3. Bg2 d6 4. f4 c5 5. Nf3 Nc6 6. O-O Rb8 7. Re1 b5 8. c3 Qb6
9. Kh1 Nf6 10. d3 O-O 11. Qe2 b4 12. c4 a5 13. e5 Ne8 14. Nbd2 Nc7 15. b3 dxe5
16. fxe5 Ne6 17. Bb2 Bb7 18. Nf1 Rfd8 19. Ne3 Ncd4 20. Nxd4 Nxd4 21. Bxd4 Rxd4
22. Nd5 Qd8 23. Rf1 e6 24. Nf4 Bxg2+ 25. Qxg2 Bxe5 26. Rae1 Bxf4 27. gxf4 Rxd3
28. f5 exf5 29. Rxf5 Rd1 30. Rxd1 Qxd1+ 31. Rf1 Qd3 32. Re1 Rd8 33. Qc6 Rd4 34.
Qe8+ Kg7 35. Qe5+ Kh6 36. Qf6 Rg4 37. Qxf7 Qc2 38. Qf8+ Kh5 39. Re5+ g5 40. Qf1
Qc3 41. Qf7+ 1-0

[Event "Le Touquet-Club 608"]
[Site "Franconville"]
[Date "2008.03.15"]
[Round "8.4"]
[White "Baillon, Olivier"]
[Black "Flament, Frederic"]
[Result "1-0"]
[WhiteElo "2254"]
[BlackElo "2142"]
[PlyCount "97"]
[EventDate "2008.03.15"]
[SourceDate "2007.10.24"]

1. e4 c5 2. Nf3 Nc6 3. Bb5 Nf6 4. e5 Nd5 5. Nc3 Nc7 6. Bxc6 dxc6 7. Ne4 Qd5 8.
Nc3 Qd8 9. O-O Bg4 10. h3 Bxf3 11. Qxf3 g6 12. d3 Bg7 13. Bf4 Ne6 14. Rae1 O-O
15. h4 Qd7 16. Bg3 Rad8 17. Ne4 Qd5 18. Nd2 Qxa2 19. Rb1 Nd4 20. Qd1 Qd5 21.
Re1 Nf5 22. Nf3 c4 23. dxc4 Qxc4 24. Qe2 Qxe2 25. Rxe2 Nxg3 26. fxg3 Rd5 27.
Ra1 a6 28. g4 Rfd8 29. Kf2 Rb5 30. c3 f6 31. exf6 exf6 32. Re7 Rxb2+ 33. Kg3
Bf8 34. Re6 Kf7 35. Rae1 Rd6 36. R6e3 Rd5 37. c4 Ra5 38. Rd1 Raa2 39. Rd7+ Kg8
40. Re8 Rxg2+ 41. Kf4 Rae2 42. Rb8 f5 43. gxf5 h5 44. Nd4 g5+ 45. hxg5 Rgf2+
46. Nf3 Rg2 47. f6 Rg4+ 48. Kf5 Rf2 49. Rg7+ 1-0

[Event "Le Touquet-Club 608"]
[Site "Franconville"]
[Date "2008.03.15"]
[Round "8.5"]
[White "Kieffer, Christian"]
[Black "Eche, Sylvain"]
[Result "1-0"]
[WhiteElo "2185"]
[BlackElo "2186"]
[PlyCount "99"]
[EventDate "2008.03.15"]
[SourceDate "2007.10.24"]

1. e4 c5 2. Nf3 g6 3. Bc4 Bg7 4. O-O Nc6 5. c3 d6 6. d4 cxd4 7. cxd4 Nf6 8. d5
Nb8 9. Nc3 O-O 10. h3 Nbd7 11. Be3 Qa5 12. a3 Qc7 13. Bd3 Nc5 14. Bc2 b6 15.
Rc1 Ba6 16. Re1 Rac8 17. b4 Ncd7 18. Bd3 Bb7 19. Nb5 Qb8 20. Qd2 e6 21. dxe6
fxe6 22. Rxc8 Rxc8 23. Bf4 e5 24. Bg3 Rc6 25. Qa2+ Kh8 26. Ng5 h6 27. Nf7+ Kh7
28. Qe6 d5 29. Qe7 dxe4 30. Nxe5 Qf8 31. Nxc6 Qxe7 32. Nxe7 exd3 33. Rd1 Bf8
34. Nd6 Ba6 35. Nec8 Nd5 36. b5 Nc3 37. Rxd3 Nxb5 38. Nxb5 Bxb5 39. Rf3 Bc6 40.
Rc3 Nc5 41. Nxa7 Bd7 42. Bc7 b5 43. Bb6 Na4 44. Rf3 Bxa3 45. Bd4 b4 46. Rf7+
Kg8 47. Rxd7 b3 48. Nb5 Bb4 49. Rg7+ Kf8 50. Rxg6 1-0

[Event "Le Touquet-Club 608"]
[Site "Franconville"]
[Date "2008.03.15"]
[Round "8.6"]
[White "Stoenescu, Radu"]
[Black "Durpaire, Andre"]
[Result "1/2-1/2"]
[WhiteElo "2149"]
[BlackElo "1997"]
[PlyCount "62"]
[EventDate "2008.03.15"]
[SourceDate "2007.10.24"]

1. e4 c5 2. Nf3 d6 3. d4 cxd4 4. Nxd4 Nf6 5. Nc3 g6 6. Be3 Bg7 7. f3 O-O 8. Bc4
Nc6 9. Qd2 Bd7 10. O-O-O Rc8 11. Bb3 Ne5 12. Nde2 a5 13. Bh6 b5 14. Bxg7 Kxg7
15. a4 bxa4 16. Nxa4 Bxa4 17. Bxa4 Nc4 18. Qd4 Qb6 19. Qxb6 Nxb6 20. Bb5 Rc5
21. Bd3 Rfc8 22. c3 Nfd7 23. f4 Nc4 24. Bxc4 Rxc4 25. e5 Re4 26. Rhe1 Nc5 27.
exd6 exd6 28. Rxd6 Rce8 29. Kd2 Nb3+ 30. Kd1 a4 31. g3 R8e7 1/2-1/2

[Event "Le Touquet-Club 608"]
[Site "Franconville"]
[Date "2008.03.15"]
[Round "8.7"]
[White "Miotti, David"]
[Black "Mendeiros, Jerome"]
[Result "1/2-1/2"]
[WhiteElo "1480"]
[BlackElo "2134"]
[PlyCount "100"]
[EventDate "2008.03.15"]
[SourceDate "2007.10.24"]

1. e4 c5 2. Nf3 Nc6 3. d4 cxd4 4. Nxd4 Nf6 5. Nc3 e5 6. Ndb5 d6 7. Bg5 a6 8.
Bxf6 gxf6 9. Na3 b5 10. Nd5 f5 11. exf5 Bxf5 12. Be2 Bg7 13. c3 O-O 14. Nc2 Be6
15. Nce3 f5 16. g4 f4 17. Nf5 Bxf5 18. gxf5 Rxf5 19. Bd3 e4 20. Bxe4 Re5 21. f3
Qh4+ 22. Kd2 b4 23. Kc2 bxc3 24. bxc3 Rc8 25. Qd2 Rg5 26. a3 Be5 27. Rab1 Rg7
28. Rhg1 Nd4+ 29. Kd3 Nb5 30. Rxg7+ Bxg7 31. Rg1 Kh8 32. a4 Nc7 33. Nxf4 Be5
34. Rg4 Qf6 35. Nd5 Nxd5 36. Bxd5 Bxc3 37. Qf4 Qxf4 38. Rxf4 Be5 39. Rh4 Kg7
40. Ke4 Rb8 41. f4 Bb2 42. Kf5 Rb4 43. Rg4+ Kh6 44. Bc6 Bc1 45. Be4 Bb2 46. Bd5
Rxa4 47. h3 Ra3 48. Rh4+ Kg7 49. Ke6 Re3+ 50. Kxd6 a5 1/2-1/2

[Event "Le Touquet-Club 608"]
[Site "Franconville"]
[Date "2008.03.15"]
[Round "8.8"]
[White "Mousset Evtouchenko, Nina"]
[Black "Galaczy, Marie"]
[Result "1-0"]
[WhiteElo "1835"]
[BlackElo "1430"]
[PlyCount "69"]
[EventDate "2008.03.15"]
[SourceDate "2007.10.24"]

1. c4 Nf6 2. Nc3 e5 3. g3 d5 4. cxd5 Nxd5 5. Bg2 c6 6. a3 Be6 7. e4 Nf6 8. Nge2
Qd3 9. O-O Bc5 10. b4 Bb6 11. Na4 Bb3 12. Qe1 Bxa4 13. Bb2 Nbd7 14. Nc1 Qd6 15.
d3 O-O 16. Qd2 c5 17. Bc3 Rac8 18. Kh1 c4 19. f4 Ng4 20. fxe5 Ndxe5 21. d4 Nd7
22. e5 Qh6 23. Qxh6 Nxh6 24. Bxb7 Bc6+ 25. Bxc6 Rxc6 26. d5 Rg6 27. Ne2 Ng4 28.
Nf4 Rh6 29. Ra2 Ndxe5 30. Re2 Ne3 31. Rfe1 Nf3 32. Rc1 Re8 33. b5 g5 34. Rf1
Nxf1 35. Rxe8# 1-0

[Event "Hénin Beaumont-Issy les Moulineaux"]
[Site "Henin Beaumont"]
[Date "2008.03.15"]
[Round "8.1"]
[White "Petitcunot, Pierre"]
[Black "Roser, Kevin"]
[Result "1/2-1/2"]
[WhiteElo "2389"]
[BlackElo "2402"]
[PlyCount "66"]
[EventDate "2008.03.15"]
[SourceDate "2007.10.24"]

1. e4 c5 2. Nf3 Nc6 3. d4 cxd4 4. Nxd4 Nf6 5. Nc3 d6 6. Be2 g6 7. Nb3 Bg7 8.
O-O O-O 9. Re1 Be6 10. Bf1 d5 11. Nc5 dxe4 12. Qxd8 Rfxd8 13. Nxe6 fxe6 14. Bg5
Nb4 15. Re2 Rac8 16. a3 Nbd5 17. Nb5 h6 18. Bc1 a6 19. Nd4 Kf7 20. g3 Nb6 21.
c3 g5 22. Re1 Nc4 23. Nb3 Rd7 24. Rb1 Rcd8 25. Be2 Kg6 26. Be3 Nd5 27. Bg4 Rd6
28. Bc5 Rc6 29. Bb4 e3 30. fxe3 b6 31. e4 Nxb4 32. axb4 Be5 33. Bd1 Rcd6
1/2-1/2

[Event "Hénin Beaumont-Issy les Moulineaux"]
[Site "Henin Beaumont"]
[Date "2008.03.15"]
[Round "8.2"]
[White "Piankov, Evgieny"]
[Black "Wallart, Adrien"]
[Result "1-0"]
[WhiteElo "2348"]
[BlackElo "2170"]
[PlyCount "89"]
[EventDate "2008.03.15"]
[SourceDate "2007.10.24"]

1. d4 Nf6 2. Nf3 g6 3. Bg5 Bg7 4. Nbd2 O-O 5. e4 d6 6. c3 Qe8 7. Qc2 e5 8. dxe5
dxe5 9. Bc4 Nh5 10. O-O Nd7 11. b4 Nb6 12. Bb3 Be6 13. Be3 f6 14. g3 Kh8 15.
Bxe6 Qxe6 16. Kg2 Rad8 17. Qb3 Qe8 18. a4 Nc8 19. Rfd1 g5 20. Qc4 Rd7 21. Nb3
b6 22. a5 Re7 23. axb6 cxb6 24. Rd2 Qg6 25. Rad1 Ree8 26. Rd7 h6 27. Nbd2 f5
28. exf5 Qxf5 29. Qc7 Qf6 30. Ng1 g4 31. Ne4 Qg6 32. Qb7 Nf6 33. Nxf6 Bxf6 34.
h3 gxh3+ 35. Nxh3 Ne7 36. Kh2 Nc8 37. Rh1 Re7 38. Rxe7 Bxe7 39. Kg2 Kg8 40.
Qd5+ Rf7 41. Ng1 Bf8 42. Nf3 Ne7 43. Qa8 Qf5 44. Rh4 Ng6 45. Rxh6 1-0

[Event "Hénin Beaumont-Issy les Moulineaux"]
[Site "Henin Beaumont"]
[Date "2008.03.15"]
[Round "8.3"]
[White "Fossier, Francois"]
[Black "Geffroy, Laurent"]
[Result "1-0"]
[WhiteElo "2245"]
[BlackElo "2238"]
[PlyCount "57"]
[EventDate "2008.03.15"]
[SourceDate "2007.10.24"]

1. d4 d5 2. Nf3 Nf6 3. Bf4 c5 4. e3 Qb6 5. Nc3 Bf5 6. Bxb8 Rxb8 7. Bb5+ Bd7 8.
Bxd7+ Kxd7 9. dxc5 Qxc5 10. e4 e6 11. O-O Rd8 12. exd5 Kc8 13. Ne5 Qc7 14. Qe2
exd5 15. Nb5 Qb6 16. Nxf7 Re8 17. Qd3 Rg8 18. Qh3+ Nd7 19. Qc3+ Nc5 20. Qh3+
Nd7 21. a4 a6 22. Qc3+ Nc5 23. b4 axb5 24. axb5 Re4 25. bxc5 Qxb5 26. Nd6+ Bxd6
27. cxd6+ Rc4 28. Ra8+ Kd7 29. Qh3+ 1-0

[Event "Hénin Beaumont-Issy les Moulineaux"]
[Site "Henin Beaumont"]
[Date "2008.03.15"]
[Round "8.4"]
[White "Wittmann, Marc"]
[Black "Van Rompu, Alexandre"]
[Result "1-0"]
[WhiteElo "2253"]
[BlackElo "2112"]
[PlyCount "56"]
[EventDate "2008.03.15"]
[SourceDate "2007.10.24"]

1. e4 c5 2. Nf3 Nc6 3. d4 cxd4 4. Nxd4 e6 5. Nc3 Qc7 6. Be3 Nf6 7. Be2 a6 8.
O-O b5 9. a3 Bb7 10. f4 Nxd4 11. Qxd4 d5 12. exd5 Nxd5 13. Nxd5 Bxd5 14. f5 Rd8
15. Rad1 e5 16. Qb6 Qxb6 17. Bxb6 Rd7 18. a4 Bc6 19. axb5 Bxb5 20. c4 Ba4 21.
Ra1 Bc6 22. Rfd1 Rxd1+ 23. Bxd1 Bb7 24. Ba4+ Ke7 25. g4 Kf6 26. Rd1 g5 27. Bd8+
Kg7 28. f6+ Kg6 1-0

[Event "Hénin Beaumont-Issy les Moulineaux"]
[Site "Henin Beaumont"]
[Date "2008.03.15"]
[Round "8.5"]
[White "Broutin, Philippe"]
[Black "Emmenecker, Philippe"]
[Result "1/2-1/2"]
[WhiteElo "2070"]
[BlackElo "2181"]
[PlyCount "53"]
[EventDate "2008.03.15"]
[SourceDate "2007.10.24"]

1. f4 e5 2. fxe5 d6 3. exd6 Bxd6 4. Nf3 g5 5. g3 g4 6. Nh4 Ne7 7. d4 Ng6 8. Ng2
Nc6 9. c3 h5 10. Qd3 h4 11. Rg1 hxg3 12. hxg3 Qf6 13. Nd2 Bf5 14. e4 Qe7 15.
Qe3 Bd7 16. Nc4 O-O-O 17. Nxd6+ Qxd6 18. Nf4 Rde8 19. Bg2 Rh2 20. d5 Nce5 21.
Qxa7 c6 22. Be3 Nxf4 23. Qa8+ Kc7 24. Qa5+ Kc8 25. Qa8+ Kc7 26. Qa5+ Kc8 27.
Qa8+ 1/2-1/2

[Event "Hénin Beaumont-Issy les Moulineaux"]
[Site "Henin Beaumont"]
[Date "2008.03.15"]
[Round "8.6"]
[White "Aveline, Philippe"]
[Black "Rouze, Xavier"]
[Result "0-1"]
[WhiteElo "2178"]
[BlackElo "2060"]
[PlyCount "116"]
[EventDate "2008.03.15"]
[SourceDate "2007.10.24"]

1. e4 c6 2. d4 d5 3. Nc3 dxe4 4. Nxe4 Bf5 5. Ng3 Bg6 6. h4 h6 7. Nf3 Nd7 8. c4
e6 9. h5 Bh7 10. Bd3 Bb4+ 11. Ke2 Bxd3+ 12. Qxd3 Ngf6 13. Bf4 Be7 14. Rhd1 Qa5
15. Ne5 Rd8 16. Kf1 Nxe5 17. Bxe5 O-O 18. a3 Ng4 19. Bf4 e5 20. Bd2 Qc7 21. Qe2
f5 22. Nxf5 Nh2+ 23. Kg1 Rxf5 24. Kxh2 exd4+ 25. Kg1 Rdf8 26. Be1 c5 27. Rd3
Bg5 28. Rad1 Qf7 29. Rh3 Re8 30. Qd3 Ree5 31. b4 Be7 32. g4 Rf4 33. Rg3 Qe6 34.
Bd2 Rxg4 35. Qf3 Rxg3+ 36. Qxg3 Rxh5 37. Re1 Qc6 38. Qg2 Qxg2+ 39. Kxg2 Kf7 40.
Re4 Rf5 41. f3 g5 42. b5 Bd6 43. Kf2 Re5 44. Rg4 Kf6 45. a4 h5 46. Rg1 Rf5 47.
Ke2 Bf4 48. Bxf4 Rxf4 49. a5 d3+ 50. Kxd3 Rxf3+ 51. Ke4 Rf5 52. Rd1 Ke6 53. Rd8
Rf4+ 54. Ke3 Rxc4 55. Rg8 g4 56. Rh8 g3 57. Rh6+ Kf7 58. Rxh5 Rg4 0-1

[Event "Hénin Beaumont-Issy les Moulineaux"]
[Site "Henin Beaumont"]
[Date "2008.03.15"]
[Round "8.7"]
[White "Masztalir, Matthieu"]
[Black "Launiau, Severin"]
[Result "0-1"]
[WhiteElo "1987"]
[BlackElo "2138"]
[PlyCount "72"]
[EventDate "2008.03.15"]
[SourceDate "2007.10.24"]

1. e4 e6 2. d4 d5 3. e5 b6 4. Nf3 Qd7 5. Bd3 Ba6 6. O-O c5 7. c3 Bxd3 8. Qxd3
Nc6 9. Bd2 h6 10. Rd1 Nge7 11. h3 c4 12. Qe2 g5 13. Nh2 Ng6 14. Rf1 O-O-O 15.
Be3 Kb7 16. Nd2 Rc8 17. f4 Nce7 18. g4 gxf4 19. Bxf4 h5 20. gxh5 Nxf4 21. Rxf4
Nf5 22. Ng4 Be7 23. Rf2 Rxh5 24. Nf6 Rg5+ 25. Rg2 Bxf6 26. exf6 Ng3 27. Qf3
Rcg8 28. Nxc4 Ne2+ 29. Qxe2 Rxg2+ 30. Qxg2 Rxg2+ 31. Kxg2 dxc4 32. Rf1 Qb5 33.
Rf2 Qg5+ 34. Kh2 Kc6 35. a3 Kd5 36. Kh1 Qg3 0-1